Statistics for World Capitals by Proximity

Click here to take the quiz!

General Stats

  • This quiz has been taken 127,935 times
  • The average score is 100 of 196

Answer Stats

Capital % Correct
Berlin
98%
Bern
98%
Luxembourg
98%
Vaduz
98%
Amsterdam
97%
Brussels
97%
Prague
96%
Paris
96%
San Marino
96%
Ljubljana
96%
Monaco
95%
London
95%
Copenhagen
95%
Vilnius
94%
Riga
93%
Budapest
93%
Bratislava
93%
Minsk
93%
Vienna
93%
Andorra la Vella
93%
Zagreb
92%
Sarajevo
90%
Belgrade
90%
Podgorica
89%
Skopje
89%
Sofia
89%
Dublin
89%
Pristina
88%
Tirana
88%
Rome
87%
Ottawa
87%
Washington
87%
Helsinki
87%
Vatican City
87%
Tallinn
87%
Warsaw
86%
Algiers
86%
Kiev
83%
Valletta
82%
Stockholm
81%
Moscow
81%
Nicosia
80%
Bucharest
80%
Madrid
79%
Oslo
79%
Rabat
78%
Lisbon
77%
Tunis
76%
Damascus
75%
Amman
75%
Jerusalem
75%
Beirut
75%
Chisinau
72%
Ankara
71%
Beijing
70%
Pyongyang
70%
Seoul
70%
Mexico City
69%
Athens
69%
Gaborone
66%
Pretoria
65%
Mbabane
65%
Maputo
65%
Belmopan
65%
Harare
65%
Maseru
64%
Managua
63%
San Jose
63%
Kingston
63%
Baghdad
63%
Brasilia
62%
Nassau
62%
Cairo
62%
Montevideo
60%
Havana
60%
Buenos Aires
60%
Kuwait City
58%
Port-of-Spain
57%
Yerevan
57%
Saint George's
57%
Islamabad
57%
Bridgetown
57%
Kingstown
56%
Castries
56%
Panama City
55%
Caracas
55%
Saint John's
55%
Basseterre
55%
Roseau
55%
Kathmandu
54%
Bogota
54%
New Delhi
53%
Santo Domingo
53%
Guatemala City
52%
San Salvador
52%
Tegucigalpa
52%
Tokyo
51%
Manama
50%
Canberra
49%
Riyadh
48%
Reykjavik
47%
Tehran
46%
Bissau
46%
Conakry
46%
Freetown
45%
Port-au-Prince
44%
Baku
44%
Tbilisi
43%
Quito
43%
Georgetown
43%
Lima
43%
Santiago
42%
Abu Dhabi
42%
Banjul
42%
Juba
42%
Doha
42%
Yaounde
41%
Yamoussoukro
41%
Singapore
41%
Dakar
40%
Libreville
39%
Abuja
39%
Porto-Novo
38%
Accra
38%
Lome
38%
Sao Tome
38%
Jakarta
38%
Kigali
37%
Bangkok
37%
Nairobi
37%
Kampala
37%
Vientiane
37%
Gitega
37%
Ashgabat
37%
Dodoma
36%
Niamey
36%
Hanoi
35%
Naypyidaw
35%
Bamako
34%
Addis Ababa
34%
Phnom Penh
33%
Nouakchott
32%
Brazzaville
32%
Kinshasa
32%
Asmara
32%
Wellington
30%
Monrovia
30%
Praia
30%
Tripoli
30%
Dushanbe
30%
Tashkent
30%
Luanda
29%
Ouagadougou
29%
Malabo
29%
Djibouti
28%
Sana'a
28%
Kabul
27%
Paramaribo
26%
Sucre
26%
Muscat
25%
Khartoum
24%
Kuala Lumpur
24%
Bishkek
23%
N'Djamena
23%
Asuncion
20%
Dhaka
19%
Thimphu
19%
Manila
18%
Nur-Sultana
17%
Lilongwe
14%
Ulaanbaatar
13%
Mogadishu
12%
Nuku'alofa
12%
Windhoek
11%
Lusaka
11%
Moroni
10%
Suva
10%
Antananarivo
10%
Bangui
9%
Male
8%
Taipei
8%
Sri Jayawardenepura Kotte
8%
Apia
7%
Yaren
5%
Tarawa
5%
Dili
5%
Port Moresby
5%
Victoria
5%
Majuro
5%
Funafuti
3%
Palikir
3%
Honiara
3%
Port-Vila
3%
Port Louis
3%
Bandar Seri Begawan
2%
Ngerulmud
2%

Score Distribution

Percentile by Number Answered

Percent of People with Each Score

Your Score History

You have not taken this quiz